000 00279nam a2200121Ia 4500
008 191201s2019 xx 000 0 und d
100 _aRobbins, Stephen
245 0 _aOrganizational Behaviour
260 _bPearsons
_c2019
300 _a740
650 _aBBA
942 _2ddc
_cBK
_013
999 _c6941
_d6941